00830cam a22002411 450000100060000000300080000600500170001400800390003103500190007003500190008904000330010804100110014108200200015210000500017224500730022225000180029526000420031330000270035550000810038250400680046365000130053165000440054421899BD-RjUL20211209000737.0140305s1961 ii b 001 0 eng a(BD-RjUL)21964 a(OCoLC)1043332 aDLCcOUdOCoLCdBD-RjULbeng0 aengsan00a809.1bKAH 19611 aKāṇe, Pāṇḍuraṅga Vāmana,d1880-10aHistory of Sanskrit poetics /cPāṇḍuraṅga Vāmana Kāṇe. a3rd. rev. ed. aDelhi :bMotilal Banarsidass,cc1961. aviii, 446 p. ;c23 cm. aIncludes some notes and quotations in Sanskrit in Devanāgarī characters. a"Index of authors and works on Sanskrit poetics": p. [397]-446. 0aPoetics. 0aSanskrit poetryxHistory and criticism.